00482nam a2200145Ia 450000500170000000800410001704000130005804100080007108400130007910000350009224501010012726000540022850000060028265000480028820210104110851.0201216s9999||||xx |||||||||||||| ||und|| aDAHcDAH aspa aDAH 02131 aMoreyra y Paz Soldán, Manuel03aLa moneda colonial en el Perú :bcapítulos de su historia /cMoreyra y Paz Soldán, Manuel  aLima:bBanco Central de Reserva del Perú,c1980 a304aMoneda xHistoriayÉpoca colonialzPerú